Nacionalismo, historia e himnos nacionales /
El autor indaga y revela interesantes aspectos de los himnos nacionales como símbolos de los Estados modernos y vehículos de identidad, reconocimiento y solidaridad de los pueblos. A partir de un marco teórico sobre el nacionalismo, su significado y representación a través de los símbolos nacioonale...
Guardat en:
| Autor principal: | |
|---|---|
| Format: | Text |
| Matèries: | |
| Etiquetes: |
Afegir etiqueta
Sense etiquetes, Sigues el primer a etiquetar aquest registre!
|
MARC
| LEADER | 00000 a a2200000 04500 | ||
|---|---|---|---|
| 001 | 18748 | ||
| 003 | |||
| 040 | |||
| 100 | |a Crespo, José Antonio | ||
| 245 | |a Nacionalismo, historia e himnos nacionales / |c José Antonio Crespo | ||
| 520 | |a El autor indaga y revela interesantes aspectos de los himnos nacionales como símbolos de los Estados modernos y vehículos de identidad, reconocimiento y solidaridad de los pueblos. A partir de un marco teórico sobre el nacionalismo, su significado y representación a través de los símbolos nacioonales el autor nos remite a cuatro tópicos observables en gran cantidad de himnos nacionales: el carácter confesional, el régimen político, el contenido ideológico y la impronta histórica. Posterior a esto realiza un análisis de los himnos Latinoaméricanos partiendo de características como: temor a la invasíon, los padres de la patria |a pacifismo, reconstrucción y progreso | ||
| 650 | |a NACIONALISMO | ||
| 650 | |a IDENTIDAD NACIONAL | ||
| 650 | |a ANALISIS DE CONTENIDO | ||
| 650 | |a ANALISIS HISTORICO | ||
| 650 | |a AMERICA LATINA | ||
| 773 | |g volumen 5, número 11; páginas 57-75 | ||
| 999 | |c 20426 |d 20426 | ||
